Alkany, Alkeny, Alkiny - Statystyki

Ogólne statystyki
  • Ten quiz został rozwiązany 263 razy
  • Średni wynik to 9 z 13
Statystyki odpowiedzi
Hint Odpowiedź % Poprawnych
CH4 metan
98%
C3H8 propan
98%
C4H10 butan
97%
C2H6 etan
96%
C5H12 pentan
84%
C2H4 eten
68%
C4H8 buten
67%
C3H6 propen
65%
C5H10 penten
60%
C2H2 etyn
57%
C3H4 propyn
56%
C4H6 butyn
54%
C5H8 pentyn
46%
Nie znaleziono quizów pasujących do podanych kryteriów
Rozkład punktacji
Procent ludzi z każdym wynikiem
Percentyl według liczby udzielonych odpowiedzi
Twoja historia wyników
Nie rozwiązałeś tego quizu